| 000 | 00560nam a2200217Ia 4500 | ||
|---|---|---|---|
| 003 | OSt | ||
| 005 | 20251208105355.0 | ||
| 008 | 240925s9999 xx 000 0 und d | ||
| 020 | _a9781119035084 | ||
| 040 | _cAACR2 | ||
| 082 | _a001.42 DEM | ||
| 100 | _aDempster, Martin | ||
| 245 | 0 | _aResearch Methods in Psychology for Dummies | |
| 250 | _aNA | ||
| 260 |
_aNew York: _bJohn Wiley & Sons _c,2016. |
||
| 300 |
_a917p. _bNA _fOriginal |
||
| 500 | _aIncludes Index | ||
| 600 | _aHumanities & Natural Science | ||
| 650 | _aPsychology | ||
| 942 |
_cBK _2ddc |
||
| 999 |
_c14778 _d14778 |
||